00327nam a22000857a 4500008004100000082002200041245011800063260005200181300000800233230626b xxu||||| |||| 00| 0 eng d a337.14bEALA 2006 aSeminar for the EALA Committee on Trade on Aspects of a Common Market and Monetary Union for EACbSeptember 2005  aArushabEast African Legislative Assemblyc2006 a64p